000 01481namaa22003731i 4500
003 EG-GICUC
005 20260106143025.0
008 260106s2009 ua ||||jr|||| 000 0 ara d
017 _a2009 / 10549
_bدار الكتب والوثائق القومية(مصر)
040 _aEG-GiCUC
_bara
_cEG-GiCUC
_dEG-GiCUC
_erda
043 _aa-sy---
_ae-sp---
082 0 4 _221
_a321.8
_bT1287
092 0 4 _221
_a321.8
_bT1287
099 _a321.8 T1287
100 1 _eمؤلف.
245 2 _aالتحول الديمقراطى فى سورية والخبرة الإسبانية /
_cأكرم البنى و [آخرون] ؛ تحرير د. جورج عيرانى، رضوان زيادة
250 _aالطبعة الاولى
264 _aالقاهرة (مصر) :
_bمركز القاهرة لدراسات حقوق الإنسان،
_c2009
300 _a؛ 200 صفحة
_c24 سم
336 _2rdacontent
_atext
337 _2rdamedia
_aUnmediated
338 _2rdacarrier
_avolume
490 _aسلسلة قضايا الإصلاح ؛
_v23
504 _a.
541 _aد. جابر عصفور ؛
_bالقاهرة ؛
_cإهداء ؛
_d2024.
650 1 7 _aالديمقراطية
_zسوريا
_2qrmak
650 1 7 _aالديمقراطية
_zاسبانيا
_2qrmak
651 1 _2qrmak
700 1 _aالبنى، أكرم
_eمؤلف مشارك.
700 1 _aعيرانى، جورج
_eمحرر.
700 1 _aزيادة، رضوان
_eمحرر.
905 _aHuda
942 _2ddc
_cBK
_e21
_n0
999 _c177471
_d177471